000 00582nam a2200241 a 4500
001 nice12345678
003 IN_TiNIC
005 20260116012933.0
008 050524s1988 leia grp 000 0 eng
020 _a9004837
_c100
082 0 0 _a297.0959
_bHOO
100 _aHooker, M B
245 _aIslam in South-East Asia.
260 _aLeiden
_bBrill
_c1988
300 _a262p.
500 _aincludes index and biblioraphy
505 2 _abibliography
650 _aIslam-Asia-South East
700 1 _aHooker, M B
902 _bSRS
942 _cBK
999 _c8967
_d8967